00590nam a22002177a 4500003000500000005001700005008004100022010001000063011001000073035001000083040000900093082002000102100002600122245002600148250001300174260003800187300001100225490005300236650003000289830005300319CHAP20220329140642.0971013s1975 r 00010 d a55390 a56362 a60515 cCHAP a519.54bS5 197500aSilvey, Samuel David. aStatistical inference aRev. ed. aLondon :bChapman and Hall,c1975 a190 p. aMonographs on applied probability and statistics14aInferencia estadística.0 aMonographs on applied probability and statistics